Statistiques concernant Principales villes d'Amérique du Nord

Cliquez ici pour prendre le quiz!

Statistiques générales

  • Ce quiz a été pris 155 fois
  • Le résultat moyen est 13 sur 18

Statistiques - réponses

PaysVille% Correct
Etats-UnisNew York
100%
MexiqueMexico
98%
Etats-UnisLos Angeles
97%
Etats-UnisWashington
97%
CanadaOttawa
89%
CanadaMontréal
86%
CanadaToronto
86%
Etats-UnisChicago
83%
Etats-UnisMiami
80%
Etats-UnisSan Francisco
75%
Etats-UnisDallas
68%
CanadaVancouver
68%
Etats-UnisHouston
63%
Etats-UnisPhiladelphie
55%
Etats-UnisAtlanta
52%
Etats-UnisPhoenix
38%
MexiqueGuadalajara
35%
MexiqueMonterrey
30%

Distribution des résultats

Percentile par nombre de réponses

% des personnes avec chaque résultat

Votre développement - résultats

Vous n’avez pas pris ce quiz